La quinta disciplina (Registro nro. 2469)

Detalles MARC
000 -LEADER
fixed length control field 01617 a2200205 4500
001 - CONTROL NUMBER
control field 34605
005 - DATE AND TIME OF LATEST TRANSACTION
control field 20260407155632.0
008 - FIXED-LENGTH DATA ELEMENTS--GENERAL INFORMATION
fixed length control field 260407a1990 arg spa d
003 - CONTROL NUMBER IDENTIFIER
control field AR-UNSa-BCEJYS
040 ## - CATALOGING SOURCE
Original cataloging agency AR-UNSa-BCEJYS
Language of cataloging spa
Transcribing agency AR-UNSa-BCEJYS
080 ## - UNIVERSAL DECIMAL CLASSIFICATION NUMBER
Universal Decimal Classification number 658.012
Common auxiliary subdivision Métodos (Management...)
020 ## - INTERNATIONAL STANDARD BOOK NUMBER
International Standard Book Number 84-7577-351-6
100 1# - MAIN ENTRY--PERSONAL NAME
Personal name Senge, Perter M.
245 10 - TITLE STATEMENT
Title La quinta disciplina
Name of part/section of a work cómo impulsar el aprendizaje en la organización inteligente
264 #1 - PRODUCTION, PUBLICATION, DISTRIBUTION, MANUFACTURE, AND COPYRIGHT NOTICE
Place of production, publication, distribution, manufacture Buenos Aires :
Name of producer, publisher, distributor, manufacturer Granica
Date of production, publication, distribution, manufacture, or copyright notice 1990
300 ## - PHYSICAL DESCRIPTION
Extent 490 p.
Dimensions 23 cm.
505 ## - FORMATTED CONTENTS NOTE
Formatted contents note I. : Nuestros actos crean la realidad y pueden cambiarla: 1. Dadme una palanca y movere el mundo - 2. ¿ Su organización tiene problemas de aprendizaje? - 3.¿ Prisioneros del sistema, o prisioneros de nuestro propio pensamiento? - II.: La quinta disciplina, piedra angular de la organización inteligente: 4. las leyes de la quinta disciplina - 5. Un cambio de enfoque - 6. Configuraciones naturales: patrones que controlan acontecimientos - 7. El pincipio de la palanca - 8. El arte de ver los árboles sin dejar de ver el bosque - III. Las disciplinas centrales: Construyendo la organización inteligente: 9. Dominio personal - 10. Modelos mentales - 11. Visión compartida - 12. Aprendizaje en equipo - IV. Prototipos: 13. Apertura - 14. Localismo - 15. Finalizado la guerra entre el trabajo y la familia - 17. Micromundos: La tecnología de la organización inteligente - 18. La nueva función del lider - V: CODA: 19. ¿Una sexta disciplina? - 20. Reescribiendo el código - 21. La totalidad indivisible.
590 ## - LOCAL NOTE (RLIN)
Local note niveau_biblio:m niveau_hierar:0
942 ## - ADDED ENTRY ELEMENTS (KOHA)
Koha item type
Existencias
Withdrawn status Lost status Damaged status Not for loan Home library Current library Shelving location Date acquired Total checkouts Full call number Barcode Date last seen Price effective from Koha item type
        Biblioteca Prof. Eusebio Cleto del Rey Biblioteca Prof. Eusebio Cleto del Rey   07/04/2026   658.012 S474 L65279 07/04/2026 07/04/2026 Libro
        Biblioteca Prof. Eusebio Cleto del Rey Biblioteca Prof. Eusebio Cleto del Rey   07/04/2026   658.012 S474 L65278 07/04/2026 07/04/2026 Libro
        Biblioteca Prof. Eusebio Cleto del Rey Biblioteca Prof. Eusebio Cleto del Rey   07/04/2026   658.012 S474 L70148 07/04/2026 07/04/2026 Libro